000 00324nam a2200133 i 4500
001 bg
100 1 _aKALECKI, Michał
245 0 _aKapitalizm.
_nT. 2,
_pDynamika gospodarcza /
_cMichał Kalecki.
260 _aWarszawa
_c1980.
040 _cBPK
041 _apol
942 _cKS
008 s pl f |000 0 pol
999 _c19337
_d19337
856 _uhttp://koha.tu.koszalin.pl/cgi-bin/koha/opac-detail.pl?biblionumber=19337
_yKatalog online BPK